I’m Just A Kid - Simple Plan - All Lyrics - Statistics

General Stats
  • This quiz has been taken 66 times
  • The average score is 285 of 343
Answer Stats
Answer % Correct
a
98%
I
98%
I'm
98%
I’m
98%
Just
98%
just
98%
kid
98%
kid,
98%
is
96%
night
96%
nightmare
96%
And
94%
and
94%
life
94%
no
92%
to
92%
the
90%
it
88%
me
88%
me?
88%
not
88%
on
88%
When
88%
when
88%
alone?
85%
alone
85%
up,
85%
all
83%
ever
81%
fair
81%
go
81%
in
81%
it's
81%
know
81%
my
81%
that
81%
woke
81%
your
81%
but
79%
hear
79%
Nobody
79%
tonight
79%
don't
77%
Don't
77%
eleven
77%
of
77%
one
77%
What
77%
be
75%
cares,
75%
cares
75%
every
75%
fun
75%
goes
75%
having
75%
here
75%
out
75%
own
75%
seven,
75%
was
75%
world
75%
'cause
73%
'Cause
73%
more
73%
than
73%
call
71%
friends,
71%
from
71%
lot
71%
'til
71%
got
69%
spending
69%
think
69%
this
69%
would
69%
figure
67%
had
67%
I've
67%
them
67%
waited
67%
you're
67%
another
65%
with
65%
at
63%
time
63%
everyday
60%
good
60%
What’s
60%
worst
60%
I'll
58%
I’ll
58%
last
58%
about
56%
happen
56%
into
56%
wrong
56%
bed
54%
can't
54%
hell
54%
How
54%
try
54%
wants
54%
yeah,
54%
crawl
52%
dead,
52%
did
50%
again
48%
fall
48%
these
48%
asleep
46%
Everyone’s
46%
four
46%
staring
46%
they're
46%
walls
46%
anybody
44%
somewhere
44%
gonna
42%
leave
42%
fit
38%
maybe
38%
awake
35%
Wide
35%
bored
29%
No matching quizzes found
Score Distribution
Percent of People with Each Score
Percentile by Number Answered
Your Score History
You have not taken this quiz